| 000 | 00995nam a2200289 a 4500 | ||
|---|---|---|---|
| 001 | 69893 | ||
| 003 | BD-RjUL | ||
| 005 | 20211209081934.0 | ||
| 008 | 170415r19921973nyua b 001 0 eng d | ||
| 020 | _a0471574287 | ||
| 035 | _a(BD-RjUL)70105 | ||
| 040 |
_aBD-RjUL _beng _cBD-RjUL _dBD-RjUL |
||
| 041 | _aeng | ||
| 082 |
_223 _a519.54 _bBOB 1993 |
||
| 100 | 1 |
_aBox, George E. P. _9153891 |
|
| 245 | 1 | 0 |
_aBayesian inference in statistical analysis / _cGeorge E.P. Box and George C. Tiao |
| 250 | _aWiley classics library ed. | ||
| 260 |
_aNew York ; _aChichester : _bWiley & Sons, _cc1992. |
||
| 300 |
_axviii, 588 p. : _bill. ; _c23 cm |
||
| 500 | _a"Originally published: Reading, Mass. : Addison-Wesley Pub. Co., c1973" - T.p. verso | ||
| 504 | _aIncludes bibliographical references and indexes | ||
| 650 | 0 |
_aMathematical statistics _9206993 |
|
| 700 | 1 |
_aTiao, George C. _9153894 |
|
| 830 | 0 |
_aWiley-Interscience publication _9206995 |
|
| 942 |
_2ddc _cBK |
||
| 999 |
_c69893 _d69893 |
||